[Event "Portugal Open 2018"]
[Site "Lisboa POR"]
[Date "2018.02.05"]
[Round "5.103"]
[White "Silva, Miguel Amorim"]
[Black "Ribeiro, Bruno Rafael"]
[Result "0-1"]
[WhiteElo "1622"]
[BlackElo "1831"]
[WhiteFideId "1912852"]
[BlackFideId "1908081"]
[WhiteCountry "POR"]
[BlackCountry "POR"]
[PlyCount "74"]
[EventDate "2018.??.??"]

1. e4 c5 2. Nf3 d6 3. d4 cxd4 4. Nxd4 Nf6 5. Nc3 a6 6. Be2 e6 7. O-O Be7 8. Be3
O-O 9. f4 Qc7 10. Bf3 Nc6 11. Kh1 Re8 12. Nxc6 bxc6 13. Qe2 Rb8 14. Rab1 Nd7 15.
Qf2 Nb6 16. b3 d5 17. e5 c5 18. Ne2 d4 19. Bd2 Nd5 20. Bxd5 exd5 21. f5 Bf8 22.
e6 fxe6 23. f6 gxf6 24. Qxf6 e5 25. Rf3 Bg7 26. Qg5 Be6 27. Rbf1 Rf8 28. Qg3
Rxf3 29. gxf3 Qf7 30. f4 Rf8 31. Rg1 Bf5 32. h4 e4 33. Be1 e3 34. b4 Qg6 35.
bxc5 Kh8 36. Qg5 Qxg5 37. hxg5 Bxc2 0-1

[Event "Portugal Open 2018"]
[Site "Lisboa POR"]
[Date "2018.02.05"]
[Round "5.104"]
[White "Santos, Ana P"]
[Black "Baumgartner, Christopher"]
[Result "1/2-1/2"]
[WhiteElo "1534"]
[BlackElo "1809"]
[WhiteFideId "1921550"]
[BlackFideId "2022087"]
[WhiteCountry "POR"]
[BlackCountry "USA"]
[PlyCount "92"]
[EventDate "2018.??.??"]

1. e4 c5 2. Nf3 e6 3. d4 cxd4 4. Nxd4 Qb6 5. Nb3 Nc6 6. Nc3 a6 7. a3 Nf6 8. Bc4
Be7 9. O-O O-O 10. Bg5 Qc7 11. Qd2 b5 12. Be2 Bb7 13. Rad1 Rfd8 14. Qe3 d6 15.
f4 b4 16. axb4 Nxb4 17. Rd2 d5 18. Bxf6 Bxf6 19. e5 Be7 20. Qh3 g6 21. Kh1 Nc6
22. Nd1 Qb6 23. Nf2 h5 24. g4 hxg4 25. Nxg4 d4 26. Nf6+ Bxf6 27. exf6 Ne5+ 28.
Bf3 Nxf3 29. Rxf3 Bxf3+ 30. Qxf3 Qb5 31. Rxd4 Rxd4 32. Qxa8+ Kh7 33. Qf3 Qd5 34.
Nxd4 Qxd4 35. c3 Qxf6 36. Qf1 e5 37. Qh3+ Kg7 38. fxe5 Qxe5 39. Qh4 Qd5+ 40. Kg1
Qd1+ 41. Kg2 Qd2+ 42. Qf2 Qd5+ 43. Qf3 Qb5 44. Qf2 f5 45. Qd4+ Kf7 46. Qa7+ Kf6
1/2-1/2

[Event "Portugal Open 2018"]
[Site "Lisboa POR"]
[Date "2018.02.05"]
[Round "5.105"]
[White "Cordeiro, João"]
[Black "Almeida, José António"]
[Result "1-0"]
[WhiteElo "1807"]
[BlackElo "1469"]
[WhiteFideId "1935291"]
[BlackFideId "1958143"]
[WhiteCountry "POR"]
[BlackCountry "POR"]
[PlyCount "105"]
[EventDate "2018.??.??"]

1. e4 c6 2. d4 d5 3. Nc3 dxe4 4. Nxe4 Bf5 5. Ng3 Bg6 6. Nf3 Nf6 7. Bd3 e6 8. h4
Nbd7 9. h5 Bxd3 10. Qxd3 c5 11. c3 Qb6 12. Ne4 Rd8 13. Nxf6+ Nxf6 14. Qc2 Be7
15. Be3 O-O 16. O-O-O Nd5 17. Kb1 Rc8 18. Qb3 Rfd8 19. Qxb6 axb6 20. Rhe1 c4 21.
Ne5 b5 22. a3 Bd6 23. Kc2 f6 24. Nf3 Kf7 25. Bd2 g6 26. hxg6+ hxg6 27. g3 Rh8
28. Rh1 Kg7 29. Nh4 g5 30. Ng2 Rxh1 31. Rxh1 Rh8 32. Rxh8 Kxh8 33. f4 gxf4 34.
Nxf4 Nxf4 35. Bxf4 Bxf4 36. gxf4 Kg7 37. Kd2 Kg6 38. Ke3 Kf5 39. Kf3 e5 40. fxe5
fxe5 41. d5 e4+ 42. Ke3 Ke5 43. d6 Kxd6 44. Kxe4 Ke6 45. Kd4 Kd6 46. a4 Kc6 47.
axb5+ Kxb5 48. Kd5 b6 49. Kd4 Ka4 50. Kxc4 b5+ 51. Kc5 Ka5 52. b4+ Ka4 53. Kb6
1-0

[Event "Portugal Open 2018"]
[Site "Lisboa POR"]
[Date "2018.02.05"]
[Round "5.106"]
[White "Correia, Pedro Mourão"]
[Black "Guerreiro, Paulo"]
[Result "0-1"]
[WhiteElo "1520"]
[BlackElo "1796"]
[WhiteFideId "1959522"]
[BlackFideId "1902105"]
[WhiteCountry "POR"]
[BlackCountry "POR"]
[PlyCount "54"]
[EventDate "2018.??.??"]

1. e4 c6 2. d4 d5 3. exd5 cxd5 4. Nf3 Nc6 5. Bb5 Bd7 6. Nc3 e6 7. Bf4 Nf6 8. Ba4
Bb4 9. O-O Bxc3 10. bxc3 Qa5 11. Bxc6 Bxc6 12. Bd2 Qc7 13. Re1 O-O 14. Ne5 Bb5
15. Qf3 Ne4 16. Rad1 Rac8 17. Bf4 Qxc3 18. Re3 Qxc2 19. Rde1 Rc3 20. Rxc3 Qxc3
21. Qd1 Ba4 22. Qe2 Qxd4 23. Qf3 Qc3 24. Nd3 Bb5 25. Qg4 Bxd3 26. Rc1 Qf6 27.
Re1 e5 0-1

[Event "Portugal Open 2018"]
[Site "Lisboa POR"]
[Date "2018.02.05"]
[Round "5.107"]
[White "Leite, Marta"]
[Black "Capamba, Assis"]
[Result "1-0"]
[WhiteElo "1784"]
[BlackElo "1442"]
[WhiteFideId "1904035"]
[BlackFideId "1952609"]
[WhiteCountry "POR"]
[BlackCountry "ANG"]
[PlyCount "53"]
[EventDate "2018.??.??"]

1. e4 e5 2. Nf3 Nc6 3. Bb5 Nge7 4. O-O d6 5. Nc3 Bd7 6. d3 h6 7. Be3 a6 8. Bc4
g5 9. Qd2 Bg7 10. Ne2 f5 11. exf5 Nxf5 12. Ng3 Nxg3 13. fxg3 Qe7 14. Nxg5 O-O-O
15. Nf7 Be6 16. Nxd8 Kxd8 17. Bxe6 Qxe6 18. Rae1 Qxa2 19. b3 Ke8 20. Ra1 Qb2 21.
Rfb1 e4 22. Rxb2 Bxb2 23. Rf1 exd3 24. Qxd3 Ne5 25. Qd5 Ke7 26. Qxb7 Ng4 27.
Qxc7+ 1-0

[Event "Portugal Open 2018"]
[Site "Lisboa POR"]
[Date "2018.02.05"]
[Round "5.108"]
[White "Moreira, Simao Chaves"]
[Black "Pipiras, Filipa"]
[Result "1-0"]
[WhiteElo "1490"]
[BlackElo "1771"]
[WhiteFideId "1939351"]
[BlackFideId "1944894"]
[WhiteCountry "POR"]
[BlackCountry "POR"]
[PlyCount "149"]
[EventDate "2018.??.??"]

1. d4 d5 2. Bf4 Nf6 3. e3 e6 4. Nd2 c5 5. c3 Nc6 6. Ngf3 Be7 7. Bd3 b6 8. h3 Bb7
9. O-O O-O 10. Ne5 Nd7 11. Nxd7 Qxd7 12. Bg3 cxd4 13. exd4 a6 14. a4 Na5 15. f4
Bd6 16. Bh4 f5 17. Qe2 Rfe8 18. Bg3 Nc6 19. Nf3 h6 20. Rae1 Nd8 21. Bxf5 Bc6 22.
Bg6 Rf8 23. Ne5 Bxe5 24. Qxe5 Bxa4 25. f5 exf5 26. Bxf5 Qc6 27. Bh7+ Kxh7 28.
Rxf8 Qg6 29. Qf5 Qxf5 30. Rxf5 Bc6 31. Rf8 Bb7 32. Ree8 a5 33. Rxd8 Ra6 34. h4
Kg6 35. Rb8 Bc6 36. Rfc8 Bd7 37. Rd8 Ba4 38. Ra8 Rxa8 39. Rxa8 Kf5 40. Bc7 b5
41. Rxa5 Ke4 42. b3 Bxb3 43. Rxb5 Bc4 44. Rb7 Kf5 45. Be5 g6 46. Rf7+ Ke4 47.
Rf6 h5 48. Rxg6 Be2 49. Kf2 Bd1 50. Ke1 Bg4 51. Rc6 Kd3 52. g3 Ke4 53. c4 dxc4
54. Rxc4 Kd5 55. Rc5+ Ke6 56. Bf4 Bf3 57. Kd2 Bg4 58. Ke3 Kd7 59. Ke4 Ke6 60.
d5+ Kd7 61. Rc7+ Kd8 62. d6 Ke8 63. Ke5 Kd8 64. Bg5+ Ke8 65. Rh7 Kf8 66. d7 Bxd7
67. Rxd7 Ke8 68. Ke6 Kf8 69. Bh6+ Ke8 70. Rh7 Kd8 71. Bg5+ Kc8 72. Kd6 Kb8 73.
Kc6 Ka8 74. Kb6 Kb8 75. Rh8# 1-0

[Event "Portugal Open 2018"]
[Site "Lisboa POR"]
[Date "2018.02.05"]
[Round "5.109"]
[White "Santos, José Duarte"]
[Black "Coimbra, João"]
[Result "1-0"]
[WhiteElo "1744"]
[BlackElo "1403"]
[WhiteFideId "1902318"]
[BlackFideId "1901435"]
[WhiteCountry "POR"]
[BlackCountry "POR"]
[PlyCount "71"]
[EventDate "2018.??.??"]

1. e4 c6 2. d4 d6 3. Nc3 h6 4. Bc4 e6 5. d5 cxd5 6. exd5 e5 7. Nge2 Be7 8. Ne4
Nf6 9. N2c3 a6 10. Nxf6+ Bxf6 11. Ne4 Be7 12. f4 Nd7 13. Be3 Qc7 14. Bb3 b5 15.
Qd2 Bb7 16. O-O Rc8 17. Ng3 g6 18. f5 g5 19. Nh5 Nf6 20. Ng7+ Kf8 21. Ne6+ fxe6
22. fxe6 Rg8 23. Rf5 Rg7 24. h4 Qd8 25. hxg5 hxg5 26. Raf1 Rg6 27. Bxg5 Kg7 28.
Qf2 Qf8 29. Qh4 a5 30. a4 Ba6 31. axb5 Bxb5 32. c4 Ba6 33. R1f3 Bb7 34. Rh3 Qh8
35. Qg3 Qf8 36. Bh6+ 1-0

[Event "Portugal Open 2018"]
[Site "Lisboa POR"]
[Date "2018.02.05"]
[Round "5.110"]
[White "Encarnação, Filipe"]
[Black "Silva, Tiago Alexandre"]
[Result "0-1"]
[WhiteElo "1398"]
[BlackElo "1716"]
[WhiteFideId "1942018"]
[BlackFideId "1935321"]
[WhiteCountry "POR"]
[BlackCountry "POR"]
[PlyCount "100"]
[EventDate "2018.??.??"]

1. e4 e5 2. Nf3 Nc6 3. Bb5 a6 4. Ba4 Nf6 5. O-O b5 6. Bb3 Be7 7. Re1 d6 8. c3
Na5 9. Bc2 c5 10. d3 O-O 11. Nbd2 Re8 12. Nf1 Bf8 13. Ng3 g6 14. h3 Bg7 15. Nh2
Nc6 16. f4 exf4 17. Bxf4 Ne5 18. Nf3 Qb6 19. Kh1 Bb7 20. Rc1 Rad8 21. Nxe5 dxe5
22. Be3 Qc7 23. Bg5 h6 24. Be3 Nxe4 25. Nxe4 Bxe4 26. dxe4 Rxd1 27. Rcxd1 Rd8
28. Rxd8+ Qxd8 29. Rd1 Qc7 30. Rd5 c4 31. Rc5 Qd6 32. Rd5 Qf6 33. Kg1 Bf8 34.
Rd1 Kg7 35. Rf1 Qc6 36. Kh2 a5 37. Bd2 Bc5 38. b3 Qd6 39. Bc1 Qd8 40. g3 Qb6 41.
Rf3 h5 42. h4 f6 43. Kg2 Qe6 44. Rf1 b4 45. Bd2 Qd7 46. Rd1 Qb5 47. bxc4 Qxc4
48. Bb3 Qxe4+ 49. Kh3 a4 50. Bxa4 Qg4+ 0-1

[Event "Portugal Open 2018"]
[Site "Lisboa POR"]
[Date "2018.02.05"]
[Round "5.111"]
[White "Costa, Raul"]
[Black "Monteiro, Sara"]
[Result "0-1"]
[WhiteElo "1363"]
[BlackElo "1712"]
[WhiteFideId "1956868"]
[BlackFideId "1909860"]
[BlackTitle "WCM"]
[WhiteCountry "POR"]
[BlackCountry "POR"]
[PlyCount "72"]
[EventDate "2018.??.??"]

1. e4 d5 2. exd5 Qxd5 3. Nc3 Qa5 4. d4 Nf6 5. Nf3 Bg4 6. h3 Bh5 7. Bc4 Nbd7 8.
g4 Bg6 9. Bd2 Qb4 10. Bb3 O-O-O 11. Qe2 Qb6 12. O-O-O e6 13. Bf4 a6 14. Bg3 Bb4
15. Na4 Qc6 16. Ne5 Nxe5 17. Bxe5 Rhe8 18. f3 b5 19. Nc5 Bxc5 20. dxc5 Qxc5 21.
Bc3 Kb7 22. Rd2 a5 23. Bxa5 b4 24. Rhd1 Rxd2 25. Rxd2 Qxa5 26. g5 Qxg5 27. Ba4
Rd8 28. Qb5+ Qxb5 29. Bxb5 Rxd2 30. Kxd2 Kb6 31. Bc4 Kc5 32. Bb3 Nd5 33. h4 Nf4
34. Ke3 Ng2+ 35. Kf2 Nxh4 36. Ba4 Nf5 0-1

[Event "Portugal Open 2018"]
[Site "Lisboa POR"]
[Date "2018.02.05"]
[Round "5.112"]
[White "Alves, Fernando"]
[Black "Bártolo, Diogo"]
[Result "1-0"]
[WhiteElo "1701"]
[BlackElo "1297"]
[WhiteFideId "1905678"]
[BlackFideId "1946757"]
[WhiteCountry "POR"]
[BlackCountry "POR"]
[PlyCount "37"]
[EventDate "2018.??.??"]

1. e4 e5 2. Nf3 Nf6 3. d4 Nxe4 4. dxe5 Bc5 5. Qd5 Nxf2 6. Qxc5 Nxh1 7. Nc3 b6 8.
Qg1 Ng3 9. hxg3 O-O 10. Bd3 f5 11. Bc4+ Kh8 12. Bg5 Qe8 13. Nd5 Qe6 14. Bb3 Qc6
15. O-O-O Rf7 16. Nf4 Rf8 17. Bd5 Qa4 18. Ng6+ hxg6 19. Qh2+ 1-0

[Event "Portugal Open 2018"]
[Site "Lisboa POR"]
[Date "2018.02.05"]
[Round "5.113"]
[White "Martins, Domingos"]
[Black "Avelino, Camila"]
[Result "0-1"]
[WhiteElo "1223"]
[BlackElo "1694"]
[WhiteFideId "1947389"]
[BlackFideId "1938975"]
[WhiteCountry "POR"]
[BlackCountry "POR"]
[PlyCount "94"]
[EventDate "2018.??.??"]

1. d4 Nf6 2. Nf3 g6 3. Bf4 Bg7 4. e3 O-O 5. Be2 d6 6. h3 c5 7. c3 Qb6 8. Qc1 Nc6
9. Nbd2 cxd4 10. exd4 Be6 11. O-O Rac8 12. Bc4 d5 13. Bb3 Bf5 14. Re1 Ne4 15.
Bxd5 Nxf2 16. Kxf2 Nb4 17. Be4 Bxe4 18. Kg3 Bxf3 19. Nxf3 Nd3 20. Qd2 Nxe1 21.
Rxe1 Rfe8 22. Be5 f6 23. Bf4 e5 24. Bh6 exd4 25. Rxe8+ Rxe8 26. Bxg7 Kxg7 27.
Nxd4 Qd6+ 28. Kf2 Qb6 29. b4 a5 30. a3 axb4 31. axb4 f5 32. Kg1 Qf6 33. Nf3 Rd8
34. Nd4 Re8 35. Nf3 Qd8 36. Nd4 Qh4 37. Nf3 Qe4 38. Kh2 Qe3 39. Qd1 Re7 40. Qa1
g5 41. c4+ Kg6 42. c5 g4 43. hxg4 fxg4 44. Nh4+ Kg5 45. b5 g3+ 46. Kh1 Qe1+ 47.
Qxe1 Rxe1# 0-1

[Event "Portugal Open 2018"]
[Site "Lisboa POR"]
[Date "2018.02.05"]
[Round "5.116"]
[White "Calzada Cruz, Osvaldo"]
[Black "Costa, Fábio"]
[Result "1-0"]
[WhiteElo "1745"]
[BlackElo "1207"]
[WhiteFideId "3509460"]
[BlackFideId "1961063"]
[WhiteCountry "CUB"]
[BlackCountry "POR"]
[PlyCount "59"]
[EventDate "2018.??.??"]

1. e4 c5 2. Nf3 d6 3. d4 cxd4 4. Nxd4 Nf6 5. Nc3 a6 6. Be2 e6 7. O-O Be7 8. Kh1
Nbd7 9. f4 O-O 10. a4 d5 11. exd5 Nxd5 12. Nxd5 exd5 13. Nf5 Nf6 14. Nxe7+ Qxe7
15. b3 b6 16. Ba3 Qe8 17. Bxf8 Qxf8 18. Bf3 Bb7 19. c4 Rd8 20. cxd5 Nxd5 21. Qe1
a5 22. Rd1 Qd6 23. Rd4 Qe6 24. Qd2 h6 25. Rd1 Kf8 26. Bxd5 Bxd5 27. Rxd5 Rxd5
28. Qxd5 Qxd5 29. Rxd5 Ke7 30. Rb5 1-0

[Event "Portugal Open 2018"]
[Site "Lisboa POR"]
[Date "2018.02.05"]
[Round "5.117"]
[White "Vera Cruz, Aguinaldo"]
[Black "Blum, Ulrike"]
[Result "1/2-1/2"]
[WhiteElo "1729"]
[BlackElo "1326"]
[WhiteFideId "23600250"]
[BlackFideId "22238832"]
[WhiteCountry "CPV"]
[BlackCountry "ESP"]
[PlyCount "63"]
[EventDate "2018.??.??"]

1. e4 c5 2. Nf3 Nc6 3. Bb5 g6 4. Bxc6 bxc6 5. d4 cxd4 6. Qxd4 Nf6 7. Nc3 Bg7 8.
e5 Nd5 9. Nxd5 cxd5 10. Qxd5 Rb8 11. O-O Bb7 12. Qd3 Bxf3 13. Qxf3 Bxe5 14. Re1
Qc7 15. Qe4 Bxh2+ 16. Kh1 Bd6 17. Bh6 Rb4 18. Qe3 Rh4+ 19. Kg1 Bc5 20. Qe5 Qxe5
21. Rxe5 d6 22. Bg5 dxe5 23. Bxh4 Kd7 24. Rd1+ Ke6 25. c4 Bd4 26. b3 a5 27. Kf1
Rc8 28. f4 f6 29. fxe5 fxe5 30. Be1 a4 31. Rd3 axb3 32. axb3 1/2-1/2

[Event "Portugal Open 2018"]
[Site "Lisboa POR"]
[Date "2018.02.05"]
[Round "5.119"]
[White "Machado, Tiago"]
[Black "Rupérez Benito, Paula"]
[Result "1/2-1/2"]
[WhiteElo "1491"]
[BlackElo "1544"]
[WhiteFideId "1953699"]
[BlackFideId "22297618"]
[WhiteCountry "POR"]
[BlackCountry "ESP"]
[PlyCount "77"]
[EventDate "2018.??.??"]

1. e4 e6 2. d4 d5 3. exd5 exd5 4. Nf3 Nf6 5. Bd3 Be6 6. O-O c5 7. dxc5 Bxc5 8.
Nc3 Nbd7 9. Re1 O-O 10. Bf4 Re8 11. Qd2 Bb4 12. a3 Ba5 13. Nd4 Nc5 14. Bb5 Nce4
15. Qd3 Bxc3 16. bxc3 Bd7 17. f3 Bxb5 18. Nxb5 Nc5 19. Qd2 Ne6 20. Kh1 Nh5 21.
Be5 a6 22. Nd4 Nf6 23. Ne2 Rc8 24. Nf4 h6 25. Rad1 Nxf4 26. Bxf4 Rxe1+ 27. Rxe1
Qa5 28. Be5 Nd7 29. Bd4 Qxa3 30. Qe2 Qa4 31. Qd3 Qc4 32. Qf5 Qc6 33. Re7 Nf6 34.
Bxf6 gxf6 35. Qh5 Rf8 36. Qg4+ Kh7 37. Qf5+ Kg7 38. Qg4+ Kh7 39. Qf5+ 1/2-1/2

[Event "Portugal Open 2018"]
[Site "Lisboa POR"]
[Date "2018.02.05"]
[Round "5.120"]
[White "Dong, Fábio"]
[Black "Rupérez Benito, Yaiza"]
[Result "1/2-1/2"]
[WhiteElo "1201"]
[BlackElo "1503"]
[WhiteFideId "1958020"]
[BlackFideId "22297626"]
[WhiteCountry "POR"]
[BlackCountry "ESP"]
[PlyCount "51"]
[EventDate "2018.??.??"]

1. Nf3 e6 2. d4 d5 3. Bf4 c5 4. e3 Nc6 5. c3 Nf6 6. Nbd2 Be7 7. Be2 O-O 8. h3
Re8 9. Ne5 Bd6 10. Bb5 Bd7 11. Nxf7 Kxf7 12. Bxd6 c4 13. Bxc6 Bxc6 14. Be5 Kg8
15. Nf3 Qe7 16. Qc2 Ne4 17. Nd2 Rf8 18. Nxe4 dxe4 19. Qe2 b5 20. a4 a6 21. O-O
bxa4 22. Qxc4 Bb5 23. Qc7 Qxc7 24. Bxc7 Bxf1 25. Kxf1 Rf7 26. Bd6 1/2-1/2

[Event "Portugal Open 2018"]
[Site "Lisboa POR"]
[Date "2018.02.05"]
[Round "5.121"]
[White "Canelas, Miguel"]
[Black "Dong, Rafael"]
[Result "0-1"]
[WhiteElo "1172"]
[BlackElo "1149"]
[WhiteFideId "1941968"]
[BlackFideId "1958038"]
[WhiteCountry "POR"]
[BlackCountry "POR"]
[PlyCount "42"]
[EventDate "2018.??.??"]

1. d4 Nf6 2. Bf4 e6 3. e3 b6 4. Nf3 Bb7 5. Be2 Be7 6. h3 c5 7. c3 Nc6 8. O-O O-O
9. Nbd2 d5 10. Qc2 Qd7 11. Rfd1 Rac8 12. Rac1 cxd4 13. exd4 Bd6 14. Bg5 Nh5 15.
Ne5 Bxe5 16. dxe5 h6 17. Be3 d4 18. cxd4 Nxd4 19. Bxd4 Rxc2 20. Rxc2 Qxd4 21.
Nc4 Qe4 0-1

[Event "Portugal Open 2018"]
[Site "Lisboa POR"]
[Date "2018.02.05"]
[Round "5.123"]
[White "Pina, Tiago"]
[Black "Gomes, Jamilson Borges"]
[Result "0-1"]
[WhiteElo "1154"]
[BlackElo "1171"]
[WhiteFideId "1950673"]
[BlackFideId "23600233"]
[WhiteCountry "POR"]
[BlackCountry "CPV"]
[PlyCount "88"]
[EventDate "2018.??.??"]

1. e4 c5 2. Nf3 Nc6 3. d4 cxd4 4. Nxd4 d6 5. c4 Nf6 6. Nc3 g6 7. f3 Bg7 8. Be3
O-O 9. Be2 Qb6 10. Nxc6 Qxc6 11. Qd2 Be6 12. Nd5 Rfe8 13. O-O Nd7 14. Rac1 a5
15. f4 Nc5 16. Bf3 Bxd5 17. cxd5 Qb6 18. Rc2 Qa7 19. Rfc1 b6 20. Bd4 Bh6 21. Be3
Qd7 22. e5 Rac8 23. Be2 dxe5 24. Bxc5 bxc5 25. Qxa5 Bxf4 26. Rd1 Be3+ 27. Kh1
Bd4 28. Bb5 Qf5 29. Rdd2 c4 30. h3 Ra8 31. Qb4 Qf1+ 32. Kh2 Bg1+ 33. Kh1 Bc5+
34. Kh2 Bxb4 35. Rf2 Qa1 36. Rxc4 Bd6 37. Bxe8 Rxe8 38. b3 Qe1 39. Rcc2 Bc5 40.
Rfe2 Qh4 41. Kh1 Bd6 42. Rc4 Qg3 43. Rc1 e4 44. Rb1 Qh2# 0-1

[Event "Portugal Open 2018"]
[Site "Lisboa POR"]
[Date "2018.02.07"]
[Round "6.1"]
[White "Diermair, Andreas"]
[Black "Demchenko, Anton"]
[Result "0-1"]
[WhiteElo "2495"]
[BlackElo "2671"]
[WhiteFideId "1612468"]
[BlackFideId "4160258"]
[WhiteTitle "IM"]
[BlackTitle "GM"]
[WhiteCountry "AUT"]
[BlackCountry "RUS"]
[PlyCount "120"]

1. d4 Nf6 2. c4 g6 3. Nc3 Bg7 4. e4 O-O 5. Nf3 d6 6. Be2 e5 7. O-O Na6 8. Be3 c6
9. d5 Ng4 10. Bg5 f6 11. Bh4 c5 12. Ne1 Nh6 13. Nd3 Qe7 14. Rb1 b6 15. f3 Nf7
16. Qe1 Bd7 17. b4 cxb4 18. Nxb4 Nc5 19. Nd3 Nb7 20. Rb4 Rfc8 21. Bd1 Na5 22.
Nb2 Nd8 23. Ba4 Ndb7 24. Qe2 Nc5 25. Bb5 Rc7 26. Bxd7 Qxd7 27. Nb5 Rcc8 28. Bf2
Bh6 29. Rb1 Rab8 30. Nd1 f5 31. exf5 gxf5 32. Be3 Bg7 33. Nf2 Na6 34. Ra4 Nc7
35. Bd2 Nxb5 36. Rxb5 Qc7 37. Rbb4 Rf8 38. Rb5 e4 39. fxe4 fxe4 40. Be3 Rbe8 41.
Rb1 Rc8 42. Nh3 Qd7 43. Rab4 Bc3 44. Rb5 Nxc4 45. R5b3 Nxe3 46. Qxe3 Qg7 47. Kh1
Be5 48. Qxe4 Qh6 49. Re1 Kh8 50. Rbb1 Rf6 51. Qd3 Rc3 52. Qe2 Rc5 53. Rbd1 Qg6
54. Ng1 Rc2 55. Rd2 Qh6 56. Qxe5 Rxd2 57. Qe8+ Rf8 58. Qe7 Qg7 59. Qe4 Rg8 60.
Ne2 Qe5 0-1

[Event "Portugal Open 2018"]
[Site "Lisboa POR"]
[Date "2018.02.07"]
[Round "6.2"]
[White "Santos Latasa, Jaime"]
[Black "Anurag, Mhamal"]
[Result "0-1"]
[WhiteElo "2546"]
[BlackElo "2476"]
[WhiteFideId "2293307"]
[BlackFideId "5024366"]
[WhiteTitle "IM"]
[BlackTitle "GM"]
[WhiteCountry "ESP"]
[BlackCountry "IND"]
[PlyCount "108"]

1. e4 e5 2. Nf3 Nc6 3. Bb5 a6 4. Ba4 Nf6 5. O-O Be7 6. Re1 b5 7. Bb3 d6 8. c3
O-O 9. h3 Nb8 10. d4 Nbd7 11. c4 c5 12. dxe5 Nxe5 13. Nxe5 dxe5 14. Qe2 b4 15.
Nd2 Bb7 16. Bc2 Nd7 17. Nf1 Nb8 18. Ba4 Qa5 19. b3 Nc6 20. Bxc6 Bxc6 21. Qc2 Qc7
22. Ne3 a5 23. Bb2 Bg5 24. Nd5 Bxd5 25. cxd5 a4 26. Qc4 Qd6 27. Bc1 Bxc1 28.
Raxc1 axb3 29. axb3 Ra5 30. Rc2 g6 31. Qd3 Rfa8 32. Kh2 Ra2 33. Rec1 Rxc2 34.
Rxc2 Kg7 35. g3 Ra1 36. Kg2 Ra5 37. h4 h6 38. Qe3 f5 39. Rd2 Ra3 40. Rd3 Ra2 41.
Qf3 fxe4 42. Qxe4 h5 43. g4 hxg4 44. Qxg4 Rc2 45. h5 Rc3 46. Rd1 Rxb3 47. Qe4
Ra3 48. Rh1 gxh5 49. Kh2 Qf6 50. Rg1+ Kh6 51. Kh1 Qf3+ 52. Qxf3 Rxf3 53. Rc1
Rxf2 54. Rxc5 b3 0-1

[Event "Portugal Open 2018"]
[Site "Lisboa POR"]
[Date "2018.02.07"]
[Round "6.3"]
[White "Gomez Ledo, Roberto Carlos"]
[Black "Repka, Christopher"]
[Result "0-1"]
[WhiteElo "2442"]
[BlackElo "2513"]
[WhiteFideId "3507076"]
[BlackFideId "14918781"]
[WhiteTitle "IM"]
[BlackTitle "IM"]
[WhiteCountry "CUB"]
[BlackCountry "SVK"]
[PlyCount "86"]

1. d4 e6 2. Bf4 g6 3. e3 Bg7 4. Nf3 d6 5. h4 h6 6. c3 Nd7 7. e4 e5 8. dxe5 dxe5
9. Be3 Ngf6 10. Nfd2 b6 11. Be2 Bb7 12. Qc2 Qe7 13. a4 Nc5 14. Bb5+ c6 15. Be2
O-O 16. a5 Ne6 17. a6 Bc8 18. g3 Nc7 19. f3 Nh5 20. Bf2 f5 21. Qa4 f4 22. gxf4
Nxf4 23. Qxc6 Rf6 24. Qc4+ Be6 25. Qb4 Qf7 26. Bf1 Rd8 27. Na3 Qd7 28. c4 Nxa6
29. Qc3 Bf8 30. Nc2 Nc5 31. Bxc5 Bxc5 32. b4 Bf2+ 33. Kd1 Bf7 34. Kc1 Rd6 35.
Nb3 Nd3+ 36. Kb1 Rc8 37. Rxa7 Qxa7 38. Bxd3 Rxd3 39. Qxd3 Bxc4 40. Qc3 Bd4 41.
Ncxd4 exd4 42. Qc2 Qa3 43. Rc1 Kh7 0-1

[Event "Portugal Open 2018"]
[Site "Lisboa POR"]
[Date "2018.02.07"]
[Round "6.4"]
[White "Ghamarian, Tigran"]
[Black "To, Nhat Minh"]
[Result "1/2-1/2"]
[WhiteElo "2622"]
[BlackElo "2338"]
[WhiteFideId "13301527"]
[BlackFideId "729019"]
[WhiteTitle "GM"]
[BlackTitle "IM"]
[WhiteCountry "FRA"]
[BlackCountry "HUN"]
[PlyCount "71"]

1. e4 c5 2. Nf3 e6 3. g3 Nc6 4. Bg2 Nf6 5. d3 d5 6. Nbd2 Be7 7. O-O O-O 8. Re1
b5 9. exd5 exd5 10. a4 b4 11. Nb3 Bg4 12. h3 Bh5 13. Be3 Qb6 14. g4 Bg6 15. Nh4
Rad8 16. g5 Ne8 17. f4 f5 18. Nxg6 hxg6 19. Bf2 Nc7 20. Qf3 Bd6 21. Re2 Rfe8 22.
Rae1 Rxe2 23. Rxe2 Na5 24. Nxa5 Qxa5 25. b3 Qb6 26. h4 Qc6 27. h5 Re8 28. hxg6
Rxe2 29. Qxe2 Bxf4 30. Qh5 Be5 31. Qh7+ Kf8 32. Qh8+ Ke7 33. Qc8 Bd4 34. Bxd4
cxd4 35. Bxd5 Qd6 36. Bg2 1/2-1/2

[Event "Portugal Open 2018"]
[Site "Lisboa POR"]
[Date "2018.02.07"]
[Round "6.5"]
[White "Nayhebaver, Martin"]
[Black "Sevian, Samuel"]
[Result "1/2-1/2"]
[WhiteElo "2456"]
[BlackElo "2617"]
[WhiteFideId "14923432"]
[BlackFideId "2040506"]
[WhiteTitle "IM"]
[BlackTitle "GM"]
[WhiteCountry "SVK"]
[BlackCountry "USA"]
[PlyCount "89"]

1. e4 c6 2. Nc3 d5 3. Nf3 g6 4. d4 Bg7 5. Bf4 Bg4 6. exd5 cxd5 7. Nb5 Na6 8. h3
Bxf3 9. Qxf3 Nf6 10. c3 O-O 11. Be2 Qd7 12. O-O Rfc8 13. Qg3 Nh5 14. Bxh5 Qxb5
15. Bg4 e6 16. Rab1 Nb8 17. h4 Nd7 18. h5 Nf6 19. hxg6 hxg6 20. Bf3 Qd3 21. Qh4
Qf5 22. g3 Ne4 23. Rbe1 Rc6 24. Bxe4 dxe4 25. Bc1 Qd5 26. Rxe4 f5 27. Re2 Kf7
28. Qh1 Qxa2 29. Rfe1 Rh8 30. Qf3 Bf6 31. Bf4 Qd5 32. Qxd5 exd5 33. Be5 Re8 34.
Bxf6 Rxe2 35. Rxe2 Kxf6 36. Re5 Rb6 37. b4 Rc6 38. Rxd5 Rxc3 39. Rd6+ Kg5 40.
Rd7 b5 41. Rxa7 Rc4 42. d5 Rxb4 43. d6 Kf6 44. d7 Ke7 45. Rb7 1/2-1/2

[Event "Portugal Open 2018"]
[Site "Lisboa POR"]
[Date "2018.02.07"]
[Round "6.6"]
[White "Indjic, Aleksandar"]
[Black "Sandalakis, Angelos"]
[Result "1-0"]
[WhiteElo "2612"]
[BlackElo "2448"]
[WhiteFideId "911925"]
[BlackFideId "4207645"]
[WhiteTitle "GM"]
[BlackTitle "IM"]
[WhiteCountry "SRB"]
[BlackCountry "GRE"]
[PlyCount "53"]

1. Nf3 Nf6 2. c4 e6 3. Nc3 Bb4 4. g4 O-O 5. g5 Ne8 6. h4 d5 7. Qb3 Na6 8. cxd5
Bxc3 9. Qxc3 exd5 10. b4 c6 11. h5 f6 12. h6 g6 13. Bb2 Nac7 14. Rh4 Nb5 15. Qe3
Nbd6 16. gxf6 Nxf6 17. Rf4 Nc4 18. Rxc4 dxc4 19. Qc3 b5 20. Ng5 Qd5 21. f4 Bf5
22. a4 Qh1 23. O-O-O Qxh6 24. Bg2 Qh2 25. Bxc6 Rac8 26. Bd5+ Kg7 27. Rh1 1-0

[Event "Portugal Open 2018"]
[Site "Lisboa POR"]
[Date "2018.02.07"]
[Round "6.7"]
[White "Ortega Amarelle, Mariano"]
[Black "Petrov, Nikita"]
[Result "0-1"]
[WhiteElo "2447"]
[BlackElo "2573"]
[WhiteFideId "3504301"]
[BlackFideId "4101286"]
[WhiteTitle "IM"]
[BlackTitle "IM"]
[WhiteCountry "CUB"]
[BlackCountry "RUS"]
[PlyCount "74"]

1. d4 d5 2. c4 c6 3. Nf3 Nf6 4. Qb3 e6 5. Nc3 Nbd7 6. g3 Be7 7. Bg2 O-O 8. O-O
a5 9. Nd2 a4 10. Qc2 b5 11. c5 e5 12. e3 Re8 13. a3 e4 14. f3 exf3 15. Nxf3 Nf8
16. Bd2 Ng6 17. Rae1 Bf8 18. Ng5 h6 19. Nh3 Be6 20. Nf4 Nxf4 21. Rxf4 Be7 22. h3
Qd7 23. g4 Nh7 24. Re2 Bd8 25. e4 dxe4 26. Qxe4 Rc8 27. Qc2 Bc7 28. Rff2 Bg3 29.
Rf3 Bb8 30. d5 cxd5 31. Qd3 d4 32. Nxb5 Rxc5 33. Nxd4 Rd5 34. Be3 Be5 35. Rd2
Rd8 36. Rf1 Rd6 37. Rfd1 Bb3 0-1